[Event "Hradec Kralove op"]
[Site "Hradec Kralove"]
[Date "2013.05.20"]
[Round "8"]
[White "Nemec, Otakar"]
[Black "Tuma, Jan"]
[Result "1-0"]
[WhiteElo "1866"]
[BlackElo "1748"]
[PlyCount "97"]
[EventDate "2013.05.15"]
[EventType "swiss"]
[EventRounds "9"]
[EventCountry "CZE"]
[SourceTitle "EXT 2014"]
[Source "ChessBase"]
[SourceDate "2013.11.20"]
[SourceVersion "1"]
[SourceVersionDate "2013.11.20"]
[SourceQuality "1"]

1. Nf3 c5 2. g3 b5 3. Bg2 Bb7 4. 0-0 Nf6 5. c3 e6 6. d4 Be7 7. b3 0-0 8. Nbd2 Nd5 9. Bb2 f5 10. c4 bxc4 11. Nxc4 Nc6 12. e3 cxd4 13. Nxd4 Nxd4 14. Bxd4 Bf6 15. Rc1 Bc6 16. Qd2 Ne7 17. f3 Ng6 18. e4 Bxd4+ 19. Qxd4 f4 20. Ne5 Nxe5 21. Qxe5 Rb8 22. Rfd1 Qb6+ 23. Qc5 Qa6 24. Rd2 Rb5 25. Qf2 Rg5 26. g4 h5 27. h4 Ra5 28. g5 Qb6 29. Bf1 Qxf2+ 30. Kxf2 Ra3 31. Rc5 Kf7 32. e5 Ke7 33. Bd3 a5 34. Bb5 Bxb5 35. Rxb5 a4 36. Rb7 Rd8 37. Ra7 Ke8 38. Ke2 Rc8 39. Kd3 Rc1 40. Ke4 Rh1 41. Kd4 Ra1 42. Rxa4 Rxa4+ 43. bxa4 Rc1 44. Rd3 Kd8 45. a5 Rc6 46. Ra3 Kc8 47. Rc3 Rxc3 48. Kxc3 g6 49. Kc4 1-0

[Event "Hradec Kralove op"]
[Site "Hradec Kralove"]
[Date "2013.05.19"]
[Round "7"]
[White "Nemec, Otakar"]
[Black "Kotva, Milan"]
[Result "0-1"]
[WhiteElo "1866"]
[BlackElo "1996"]
[PlyCount "92"]
[EventDate "2013.05.15"]
[EventType "swiss"]
[EventRounds "9"]
[EventCountry "CZE"]
[SourceTitle "EXT 2014"]
[Source "ChessBase"]
[SourceDate "2013.11.20"]
[SourceVersion "1"]
[SourceVersionDate "2013.11.20"]
[SourceQuality "1"]

1. Nf3 d5 2. g3 Nf6 3. Bg2 Bf5 4. 0-0 Nbd7 5. d4 Ne4 6. Nbd2 Ndf6 7. Ne5 e6 8. c4 c6 9. f3 Nxd2 10. Bxd2 dxc4 11. Bc3 h6 12. e4 Bh7 13. Nxc4 Be7 14. a3 0-0 15. Qe2 Qc7 16. Rac1 Rfd8 17. Rfd1 Qd7 18. Ba5 Rdc8 19. Be1 Qe8 20. Bf2 Qf8 21. Rc2 Nd7 22. b4 b5 23. Na5 Nb8 24. Rdc1 Qe8 25. f4 Bd8 26. Nb3 a5 27. Be1 axb4 28. axb4 Be7 29. Nc5 Nd7 30. Nb3 Ra6 31. Ra2 Rxa2 32. Qxa2 Nb6 33. Na5 Qd7 34. Qb2 Bg6 35. Bf2 f6 36. Qc3 Be8 37. Qb3 Bf7 38. Qc3 Na4 39. Qd2 e5 40. d5 cxd5 41. Rxc8+ Qxc8 42. exd5 Bd6 43. fxe5 fxe5 44. Nc6 Qf5 45. h3 e4 46. Qd4 Bxd5 0-1

[Event "Hradec Kralove op"]
[Site "Hradec Kralove"]
[Date "2013.05.16"]
[Round "2"]
[White "Nemec, Otakar"]
[Black "Pulpan, Jakub"]
[Result "1/2-1/2"]
[WhiteElo "1866"]
[BlackElo "2106"]
[PlyCount "73"]
[EventDate "2013.05.15"]
[EventType "swiss"]
[EventRounds "9"]
[EventCountry "CZE"]
[SourceTitle "CBM 154 Extra"]
[Source "ChessBase"]
[SourceDate "2013.06.25"]
[SourceVersion "2"]
[SourceVersionDate "2013.06.25"]
[SourceQuality "1"]

1. e4 c5 2. c3 d5 3. exd5 Qxd5 4. d4 Nc6 5. Nf3 Bf5 6. Be3 Nf6 7. Qa4 cxd4 8. cxd4 e6 9. Nc3 Bb4 10. Be2 Qa5 11. Qxa5 Nxa5 12. 0-0 0-0 13. Ne5 Ne4 14. Rac1 Nxc3 15. bxc3 Ba3 16. Rcd1 Rac8 17. Bd3 Bxd3 18. Rxd3 f6 19. Nf3 Bb2 20. d5 e5 21. Nd2 Rxc3 22. Rxc3 Bxc3 23. Ne4 Bd4 24. Bxd4 exd4 25. Rd1 Rc8 26. Kf1 f5 27. Ng5 Rd8 28. Rxd4 Nc6 29. Rd2 Ne7 30. d6 Nc8 31. d7 Nb6 32. Re2 Nxd7 33. Rd2 g6 34. Ne6 Re8 35. Rxd7 Rxe6 36. Rxb7 a6 37. Ra7 1/2-1/2

[Event "Rychnov Seniors op"]
[Site "Rychnov nad Kneznou"]
[Date "2012.08.27"]
[Round "8"]
[White "Nemec, Otakar"]
[Black "Marek, Milan"]
[Result "1/2-1/2"]
[WhiteElo "1841"]
[BlackElo "1755"]
[PlyCount "51"]
[EventDate "2012.08.20"]
[EventType "swiss"]
[EventRounds "9"]
[EventCountry "CZE"]
[SourceTitle "CBM 150 Extra"]
[Source "ChessBase"]
[SourceDate "2012.10.19"]
[SourceVersion "1"]
[SourceVersionDate "2012.10.19"]
[SourceQuality "1"]

1. e4 c5 2. c3 d6 3. d4 cxd4 4. cxd4 Nf6 5. Nc3 a6 6. h3 g6 7. Nf3 Bg7 8. Bc4 Nc6 9. 0-0 0-0 10. a4 Na5 11. Ba2 Bd7 12. e5 Ne8 13. Bf4 Rc8 14. Qe2 dxe5 15. dxe5 Nc7 16. Nd4 e6 17. Rfd1 Qe8 18. Ne4 Qe7 19. Nc3 Nc6 20. Nf3 Nb4 21. Bg5 Qe8 22. Bb3 Bc6 23. Rac1 Nbd5 24. Nxd5 Bxd5 25. Bxd5 Nxd5 26. Rxc8 1/2-1/2

[Event "Rychnov Seniors op"]
[Site "Rychnov nad Kneznou"]
[Date "2012.08.25"]
[Round "6"]
[White "Zochowski, Janusz"]
[Black "Nemec, Otakar"]
[Result "1/2-1/2"]
[WhiteElo "1936"]
[BlackElo "1841"]
[PlyCount "80"]
[EventDate "2012.08.20"]
[EventType "swiss"]
[EventRounds "9"]
[EventCountry "CZE"]
[SourceTitle "CBM 150 Extra"]
[Source "ChessBase"]
[SourceDate "2012.10.19"]
[SourceVersion "1"]
[SourceVersionDate "2012.10.19"]
[SourceQuality "1"]

1. e4 c5 2. Nf3 Nc6 3. d4 cxd4 4. Nxd4 Nf6 5. Nc3 e5 6. Ndb5 d6 7. Bg5 a6 8. Na3 b5 9. Nd5 Be7 10. Bxf6 Bxf6 11. c3 Bg5 12. Nc2 Rb8 13. Qd3 0-0 14. Rd1 a5 15. Nde3 Be7 16. Be2 Be6 17. Nd5 Bg5 18. Nce3 Bxe3 19. Qxe3 b4 20. 0-0 bxc3 21. bxc3 Bxd5 22. Rxd5 Qc7 23. Rfd1 Rfd8 24. Qd2 Kf8 25. Rxd6 Rxd6 26. Qxd6+ Qxd6 27. Rxd6 Rb1+ 28. Bf1 Rb6 29. a4 Ke7 30. Rd5 Rb1 31. g3 Rc1 32. c4 Ra1 33. c5 Rxa4 34. Bb5 Ra1+ 35. Kg2 Nd4 36. c6 Nxb5 37. Rxb5 Kd6 38. Rb7 Ke6 39. c7 Rc1 40. Ra7 a4 1/2-1/2

[Event "Hradec Kralove Region-chT 0506"]
[Site "Czech Republic"]
[Date "2006.04.02"]
[Round "11.5"]
[White "Kuchar, Jiri"]
[Black "Nemec, Otakar"]
[Result "1/2-1/2"]
[WhiteElo "1971"]
[BlackElo "2020"]
[PlyCount "57"]
[EventDate "2005.10.23"]
[EventType "team-tourn"]
[EventRounds "11"]
[EventCountry "CZE"]
[SourceTitle "EXT 2024"]
[Source "ChessBase"]
[SourceDate "2023.10.10"]
[SourceVersion "1"]
[SourceVersionDate "2023.10.10"]
[SourceQuality "1"]
[WhiteTeam "Nachod Sokol"]
[BlackTeam "Hradec Kralove Slavia III"]
[WhiteTeamCountry "CZE"]
[BlackTeamCountry "CZE"]

1. e4 c5 2. Nf3 Nc6 3. d4 cxd4 4. Nxd4 Nf6 5. Nc3 e5 6. Ndb5 d6 7. Bg5 a6 8. Na3 b5 9. Nd5 Be7 10. Bxf6 Bxf6 11. Qd3 Bg5 12. Rd1 0-0 13. Be2 Be6 14. c3 Rb8 15. Nc2 a5 16. 0-0 b4 17. c4 Kh8 18. Nde3 Be7 19. Bg4 g6 20. Bxe6 fxe6 21. b3 Qb6 22. Qe2 Rf6 23. Rd3 Rbf8 24. Ng4 Rf4 25. g3 R4f7 26. Nh6 Rf6 27. Ng4 R6f7 28. Nh6 Rf6 29. Ng4 1/2-1/2

[Event "Hradec Kralove Region-chT 0506"]
[Site "Czech Republic"]
[Date "2006.03.19"]
[Round "10.6"]
[White "Buchar, Petr"]
[Black "Nemec, Otakar"]
[Result "1/2-1/2"]
[WhiteElo "2078"]
[BlackElo "2020"]
[PlyCount "60"]
[EventDate "2005.10.23"]
[EventType "team-tourn"]
[EventRounds "11"]
[EventCountry "CZE"]
[SourceTitle "EXT 2024"]
[Source "ChessBase"]
[SourceDate "2023.10.10"]
[SourceVersion "1"]
[SourceVersionDate "2023.10.10"]
[SourceQuality "1"]
[WhiteTeam "Vrchlabi"]
[BlackTeam "Hradec Kralove Slavia III"]
[WhiteTeamCountry "CZE"]
[BlackTeamCountry "CZE"]

1. f4 Nf6 2. Nf3 d5 3. g3 c5 4. Bg2 Nc6 5. 0-0 g6 6. d3 Bg7 7. c3 0-0 8. Qe1 d4 9. c4 e5 10. Nxe5 Nxe5 11. fxe5 Ng4 12. e6 f5 13. Na3 Qe7 14. Nc2 Bxe6 15. b4 cxb4 16. Qxb4 Qxb4 17. Nxb4 Rf7 18. Rb1 Rd8 19. Nd5 Kh8 20. Bg5 Re8 21. h3 Ne5 22. Rb3 b6 23. a4 h6 24. Bd2 Bxd5 25. Bxd5 Rf6 26. Kg2 Kh7 27. Bc1 Nc6 28. Bf3 Ne5 29. Bd5 Nc6 30. Bf3 Ne5 1/2-1/2